000 00387cam a2200157ua 4500
003 OSt
008 240321b |||||||| |||| 00| 0 eng d
041 _aeng
082 _a690.03
_bFRY/PR
100 _aFryer, A.W.D .
_91569
245 0 0 _aSpon`s practical builder`s handbook /
250 _a9 /
260 _aLondon :
_bE & F N Spon Limited ,
_c1954.
300 _a590 p.
942 _cBK
999 _c7026
_d7026